Louane - Jour 1 (paroles) - Statistiques

Statistiques générales
  • Ce quiz a été pris 7 825 fois
  • Le résultat moyen est 196 sur 234
Statistiques - réponses
Paroles % Correct
1
100%
Jour
100%
jour
100%
C'est
98%
c'est
98%
à
97%
tu
95%
la
94%
le
94%
numéro
94%
Amour
91%
Celui
91%
celui
91%
deux
91%
un
91%
qui
90%
me
89%
quand
89%
Quand
89%
qu'on
89%
de
88%
De
88%
l'amour
88%
que
88%
Que
88%
retient
87%
s'efface
87%
revient
85%
suprême
85%
remplaces
84%
dans
83%
Je
83%
retiens
83%
m'aimes
82%
Une
82%
une
82%
10
79%
Dis-moi
77%
veux
77%
mortel
76%
Supplément
75%
danse
74%
l'hôtel
74%
du
72%
nuit
72%
suite
72%
en
71%
100
70%
mon
70%
plus
70%
toute
70%
jours
68%
mille
68%
regardé
68%
sur
68%
t'ai
68%
permis
67%
Pas
66%
âme
65%
Danser
63%
autour
62%
délice
62%
Et
62%
balade
61%
Dépendance
61%
faire
61%
mer
61%
sans
61%
Sans
61%
vie
61%
T'as
60%
1000
58%
n'est
58%
Variation
58%
l'air
57%
si
57%
velours
57%
touché
56%
avoir
55%
poitrine
55%
Chaque
54%
voudrais-tu
54%
9
52%
c'était
51%
l'orage
50%
nécessité
49%
Cachée
44%
l'éternité
43%
Essence
32%
térébenthine
19%
Aucun quiz correspondant
Distribution des résultats
% des personnes avec chaque résultat
Percentile par nombre de réponses
Votre historique - résultats
Vous n’avez pas pris ce quiz